Vplyv tvaru podopretia a spôsobu zaťažovania bezprievlakovej dosky na odolnosť proti pretlačeniu

Salvato in:
Dettagli Bibliografici
Autore principale: Šarvaicová, Simona (Autore)
Altri autori: Borzovič, Viktor (Relatore della tesi)
Natura: Manoscritto Libro
Lingua:slovacco
Pubblicazione: 2022
Soggetti:
Accesso online:http://is.stuba.sk/zp/portal_zp.pl?podrobnosti=152581
Tags: Aggiungi Tag
Nessun Tag, puoi essere il primo ad aggiungerne!!

MARC

LEADER 00000ntm a22000003a 4500
001 stuzp71342
003 SK-STU
005 20220903210421.5
007 ta
008 150427s2015----xo-----f-mn---000-0-slo-d
040 |a STU  |b slo 
041 0 |a slo 
100 1 |a Šarvaicová, Simona  |u 010110  |4 aut  |U SvF Stavebná fakulta  |T SvF Katedra betónových konštrukcií a mostov  |X 55474  |U V110  |Y 11  |7 55474 
242 0 1 |a Effect of geometry of loaded area and effect of loading conditions on flat slab punching capacity  |y eng 
245 1 0 |a Vplyv tvaru podopretia a spôsobu zaťažovania bezprievlakovej dosky na odolnosť proti pretlačeniu 
260 |c 2022 
650 4 |a bezprievlaková doska  |2 slo 
650 4 |a pretlačenie  |2 slo 
650 4 |a šmyková odolnosť  |2 slo 
650 4 |a experimentálny program  |2 slo 
650 4 |a obdĺžnikový stĺp  |2 slo 
650 4 |a nelineárna analýza  |2 slo 
650 4 |a punching  |2 eng 
650 4 |a non-linear analysis  |2 eng 
650 4 |a elongated column  |2 eng 
650 4 |a flat slab  |2 eng 
650 4 |a shear capacity  |2 eng 
650 4 |a experimental program  |2 eng 
700 1 |a Borzovič, Viktor  |u 010110  |k Z1  |4 ths  |U SvF Stavebná fakulta  |T SvF Katedra betónových konštrukcií a mostov  |X 3688  |U V110  |Y 11  |7 A000003688 
856 4 |u http://is.stuba.sk/zp/portal_zp.pl?podrobnosti=152581